Statistics for Busiest Airport by Time Zone

Click here to take the quiz!

General Stats

  • This quiz has been taken 57 times
  • The average score is 12 of 14

Answer Stats

Time ZonePassengers (2017)Airport% Correct
UTC78,014,598London Heathrow Airport
96%
UTC-5103,902,992Hartsfield-Jackson Atlanta International Airport
94%
UTC+985,408,975Tokyo Haneda Airport
94%
UTC-884,557,968Los Angeles International Airport
92%
UTC+169,471,442Paris-Charles de Gaulle Airport
90%
UTC+895,786,442Beijing Capital International Airport
88%
UTC+1043,410,355Sydney Kingsford-Smith Airport
88%
UTC+5:3063,451,503Indira Gandhi International Aiport
84%
UTC+363,859,785Istanbul Atatürk Airport
82%
UTC+488,242,099Dubai International Airport
80%
UTC-679,828,183O'Hare International Airport
80%
UTC-761,379,396Denver International Airport
73%
UTC-338,008,955São Paulo–Guarulhos International Airport
65%
UTC+763,015,620Soekarno-Hatta International Airport
61%

Score Distribution

Percentile by Number Answered

Percent of People with Each Score

Your Score History

You have not taken this quiz